000 00544cam a22001697a 4500
008 180718b2004 xxu||||| |||| 00| 0 eng d
020 _a8170338603
082 _aBA27x54 C392u
100 _aChatterjee, Debi
245 _aUp against caste: comparative study of Ambedkar and Periyar
_cby Debi Chatterjee
260 _aJaipur
_bRawat
_c2004
300 _a235p.
650 _aIndia --Social conditions --1947-
650 _aCaste --India
650 _aRamaswami Naicker, E. V., 1878-1973
650 _aAmbedkar, B. R. (Bhimrao Ramji), 1891-1956
999 _c403013
_d403013